Statistiques concernant Focus sur: Ancalagon - Tolkien

Cliquez ici pour prendre le quiz!

Statistiques générales

  • Ce quiz a été pris 29 fois
  • Le résultat moyen est 5 sur 7

Statistiques - réponses

Informations recherchéesRéponses% Correct
Age durant lequel il vécutPremier
100%
EspèceDragon
96%
Première apparitionLe Silmarillion
93%
SurnomLe {Noir}
85%
ForteresseAngband
74%
Groupe de l'espèceUrulókë (Drac-Feu)
67%
Autre nomAnddraca
0%

Distribution des résultats

Percentile par nombre de réponses

% des personnes avec chaque résultat

Votre développement - résultats

Vous n’avez pas pris ce quiz